10 najbardziej żydowskich stanów USA - Statystyki

Ogólne statystyki
  • Ten quiz został rozwiązany 165 razy
  • Średni wynik to 4 z 10
Statystyki odpowiedzi
% Stan % Poprawnych
8,77 Nowy Jork
96%
3 Kalifornia
81%
3,05 Floryda
55%
3,34 Pensylwania
41%
5,89 New Jersey
40%
3,86 Maryland
34%
2,32 Illinois
30%
4,17 Massachusetts
25%
2,46 Nevada
24%
3,28 Connecticut
21%
Nie znaleziono quizów pasujących do podanych kryteriów
Rozkład punktacji
Procent ludzi z każdym wynikiem
Percentyl według liczby udzielonych odpowiedzi
Twoja historia wyników
Nie rozwiązałeś tego quizu